MotoGP Champions in Order - Statistics

General Stats
  • This quiz has been taken 43 times
  • The average score is 54 of 77
Answer Stats
Hint Answer % Correct
2025 Marc Marquez
96%
2011 Casey Stoner
93%
2007 Casey Stoner
89%
2021 Fabio Quartararo
89%
2020 Joan Mir
89%
2015 Jorge Lorenzo
89%
2010 Jorge Lorenzo
89%
2024 Jorge Martin
89%
2019 Marc Marquez
89%
2018 Marc Marquez
89%
2017 Marc Marquez
89%
2016 Marc Marquez
89%
2014 Marc Marquez
89%
2013 Marc Marquez
89%
2009 Valentino Rossi
89%
2008 Valentino Rossi
89%
2005 Valentino Rossi
89%
2003 Valentino Rossi
89%
2002 Valentino Rossi
89%
2023 Francesco Bagnaia
86%
2022 Francesco Bagnaia
86%
2012 Jorge Lorenzo
86%
2004 Valentino Rossi
86%
2001 Valentino Rossi
86%
2006 Nicky Hayden
82%
1999 Alex Criville
75%
1998 Mick Doohan
75%
1997 Mick Doohan
75%
1996 Mick Doohan
75%
1995 Mick Doohan
75%
1994 Mick Doohan
75%
2000 Kenny Roberts Jr.
71%
1972 Giacomo Agostini
68%
1971 Giacomo Agostini
68%
1970 Giacomo Agostini
68%
1969 Giacomo Agostini
68%
1968 Giacomo Agostini
68%
1993 Kevin Schwantz
68%
1967 Giacomo Agostini
64%
1966 Giacomo Agostini
64%
1965 Mike Hailwood
64%
1964 Mike Hailwood
64%
1963 Mike Hailwood
64%
1962 Mike Hailwood
64%
1987 Wayne Gardner
64%
1992 Wayne Rainey
64%
1991 Wayne Rainey
64%
1989 Eddie Lawson
61%
1988 Eddie Lawson
61%
1986 Eddie Lawson
61%
1982 Franco Uncini
61%
1985 Freddie Spencer
61%
1975 Giacomo Agostini
61%
1990 Wayne Rainey
61%
1984 Eddie Lawson
57%
1983 Freddie Spencer
57%
1960 John Surtees
57%
1959 John Surtees
57%
1958 John Surtees
57%
1980 Kenny Roberts
57%
1979 Kenny Roberts
57%
1978 Kenny Roberts
57%
1949 Leslie Graham
57%
1981 Marco Lucchinelli
57%
1974 Phil Read
57%
1973 Phil Read
57%
1977 Barry Sheene
54%
1976 Barry Sheene
54%
1955 Geoff Duke
54%
1954 Geoff Duke
54%
1953 Geoff Duke
54%
1951 Geoff Duke
54%
1956 John Surtees
54%
1957 Libero Liberati
54%
1953 Umberto Masetti
54%
1950 Umberto Masetti
54%
1961 Gary Hocking
50%
No matching quizzes found
Score Distribution
Percent of People with Each Score
Percentile by Number Answered
Your Score History
You have not taken this quiz